|
|
|
|
| LEADER |
00000nas a2200000 a 4500 |
| 001 |
ssj0000848 |
| 003 |
WaSeSS |
| 005 |
20200512172242.0 |
| 006 |
m d |
| 007 |
cr n |
| 008 |
951213c19799999mduqr pss o 0 a0eng c |
| 010 |
|
|
|a sn 95006650
|
| 016 |
7 |
|
|a 1501846-5
|2 DE-600
|
| 022 |
|
|
|a 1086-332X
|l 0192-2882
|y 0192-2882
|
| 035 |
|
|
|a (WaSeSS)ssj0000848
|
| 037 |
|
|
|b Johns Hopkins University Press, P.O. Box 19966, Baltimore, MD 21211
|c $53.10
|
| 040 |
|
|
|a NSD
|b eng
|c NSD
|d OCL
|d NSD
|d GUA
|d IUL
|d OCL
|d IUL
|d OCL
|d GUA
|d OCLCQ
|d MUQ
|d EYM
|d HUL
|d OCL
|d OCLCQ
|d WEA
|d OCLCQ
|d DLC
|d OCLCQ
|d OCLCF
|d OCLCO
|d OCLCQ
|d DEBBG
|d OCLCA
|d VT2
|d WaSeSS
|
| 042 |
|
|
|a nsdp
|a pcc
|
| 050 |
1 |
4 |
|a PN3171
|
| 082 |
1 |
0 |
|a 792
|2 12
|
| 130 |
0 |
|
|a Theatre journal (Online)
|
| 210 |
0 |
|
|a Theatre j.
|b (Online)
|
| 222 |
|
0 |
|a Theatre journal
|b (Online)
|
| 245 |
1 |
0 |
|a Theatre journal
|h [electronic resource].
|
| 260 |
|
|
|a Washington :
|b American Theatre Association,
|c 1979-
|
| 310 |
|
|
|a Quarterly
|
| 362 |
0 |
|
|a Vol. 31, no. 1 (Mar. 1979)-
|
| 500 |
|
|
|a Title from title screen (JSTOR, viewed Apr. 13, 2005).
|
| 500 |
|
|
|a Published: Baltimore, Md. : Johns Hopkins University Press, 1984-
|
| 506 |
|
|
|a License restrictions may limit access.
|
| 538 |
|
|
|a Mode of access: World Wide Web.
|
| 588 |
|
|
|a Latest issue consulted: 48.2 (summer 1996) (Project Muse).
|
| 650 |
|
0 |
|a Drama
|v Periodicals.
|
| 650 |
|
6 |
|a Théâtre en éducation
|v Périodiques.
|
| 650 |
|
7 |
|a Drama.
|2 fast
|0 (OCoLC)fst00897468
|
| 655 |
|
0 |
|a Electronic journals.
|
| 710 |
2 |
|
|a Association for Theatre in Higher Education (U.S.)
|
| 776 |
1 |
|
|t Theatre journal
|x 0192-2882
|w (DLC) 79643622
|w (OCoLC)4799124
|
| 780 |
0 |
0 |
|t Educational theatre journal (Online)
|x 2325-5382
|w (DLC) 2005236614
|w (OCoLC)52794095
|
| 856 |
4 |
0 |
|z Full text available from Research Library: 03/01/1996 to 1 year ago
|u https://search.proquest.com/publication/42083
|